000 00506nam a2200181Ia 4500
005 20250508150246.0
008 008 250505s9999 xx 000 0 eng d
037 _aTextual
040 _aFEDL
_beng
_cFEDL
041 _aeng
_2eng
084 _a378.494, SCH
_qFEDL
100 _aSchohaus Willi
_9756259
245 0 _aDark places of education
260 _aLondon, UK
_bGeorge Allen and Unwin Ltd.
_c1930
300 _a351p.
942 _cTEXL
_h378.494, SCH
999 _c1322693
_d1322693